Normal view
MARC view
- الاجراءت الفنية- الفهرسة-التصنيف-التزويد
Entry Topical Term
001 - CONTROL NUMBER
- control field: 14893
003 - CONTROL NUMBER IDENTIFIER
- control field: JO-AjAnu
005 - DATE AND TIME OF LATEST TRANSACTION
- control field: 20230606072658.0
008 - FIXED-LENGTH DATA ELEMENTS
- fixed length control field: 230606|| aca||aabn | a|a d
040 ## - CATALOGING SOURCE
- Original cataloging agency: JO-AjAnu
- Transcribing agency: JO-AjAnu
150 ## - HEADING--TOPICAL TERM
- Topical term or geographic name entry element: الاجراءت الفنية- الفهرسة-التصنيف-التزويد
670 ## - SOURCE DATA FOUND
- Source citation: Work cat.: (JO-AjAnu)7648: عمر ، احمد نور , author 14892, الاجراءات الفنية للمكتبات